000
00195nam a2200073Ia 4500
008
170523s9999 xx 000 0 und d
100
_a
Wood- Allen J.
245
0
_a
Power Generation- Operation- and Control
260
_a
Wiley India
999
_c
12041
_d
12041